• 首页
  • 本馆介绍
  • 公告通知
  • 最新文献
  • 馆藏检索
  • 电子资源
  • 读者导购
  • 参考咨询
  • 我的图书馆
  • 登录
  • 详细信息显示
  • 放入我的书架
  • 预约/预借图书
  • 作者相关作品
  • 分类相关作品
  • 丛书相关作品
  • 出版社相关作品

书目信息

  • 表格格式
  • 工作单格式
  • 卡片格式
题名:
照明语言与技法
    
 
作者: 雷兆云 著
分册:  
出版信息: 北京   中国传媒大学出版社  2009
页数: 261页
开本: 24cm
丛书名:
单 册:
中图分类: TU113.6
科图分类:
主题词: 照明--高等学校--教材 , 照明
电子资源:
ISBN: 978-7-81127-380-9
000 00959nam0 2200265 45
001 1033128562
005 20100407095650.78
010    @a978-7-81127-380-9@dCNY39.80
100    @a20100106d2009 em y0chiy50 ea
101 0  @achi
102    @aCN@b110000
105    @aa z 000yy
106    @ar
200 1  @a照明语言与技法@AZhao Ming Yu Yan Yu Ji Fa@f雷兆云著@FLei Zhao Yun Zhu
210    @a北京@c中国传媒大学出版社@d2009
215    @a261页@c照片@d24cm@e附光盘1片
300    @a21世纪应用型本科系列教材·影视艺术类
307    @a附光盘:ISRC CN-A06-09-0010-0
330    @a本书内容系统、全面,前后章节由浅入深、融会贯通,形成了一个较为严密的照明系统原理与实践技法的学悟链。书中提出的新的照明观点、用光理念和追求灵性语言化的光魂学说,介绍了设计技巧与布光技法。
606 0  @a照明@x高等学校@j教材
606 0  @a照明
690    @aTU113.6@v4
701  0 @a雷兆云@ALei Zhao Yun@4著
801  0 @aCN@bTANGWEI@c20100407
905    @b0588690-94@dTU113.6@e533@f5
    
    照明语言与技法/雷兆云著.-北京:中国传媒大学出版社,2009
    261页:照片;24cm+附光盘1片
    21世纪应用型本科系列教材·影视艺术类
    
    ISBN 978-7-81127-380-9:CNY39.80
    本书内容系统、全面,前后章节由浅入深、融会贯通,形成了一个较为严密的照明系统原理与实践技法的学悟链。书中提出的新的照明观点、用光理念和追求灵性语言化的光魂学说,介绍了设计技巧与布光技法。
●
相关链接 在E读中查询图书 在五车中查询图书 在当当中查询图书 在豆瓣中查询图书


正题名:照明语言与技法     索取号:TU113.6/533         预约/预借

序号 登录号 条形码 馆藏地/架位号 状态 备注
1 0588690   205886905   第二样本阅览室/ [索取号:TU113.6/533] 在馆    
2 0588691   205886914   第三借阅区/ [索取号:TU113.6/533] 在馆    
3 0588692   205886923   第三借阅区/ [索取号:TU113.6/533] 在馆    
4 0588693   205886932   第三借阅区/ [索取号:TU113.6/533] 在馆    
5 0588694   205886941   第三借阅区/ [索取号:TU113.6/533] 在馆    
唐山师范学院图书馆 欢迎您!
大连网信软件有限公司© 版权所有